000 00733 a2200229 4500
003 CBULib
005 20250425075555.0
008 250423b |||||||| |||| 00| 0 eng d
040 _bEnglish
_cCBULib
_erda
_aCBULib
_dCBULib
050 _aCBU-DAG(08)PBJ001/A
111 _aThe Copperbelt University
_9570
245 _a Dag Hammarskjold institute : Policy brief : Enhancing intra-party democracy in Zambia
260 _bCopperbelt University
_c2025
300 _a3pages
336 _2rdacontent
_aText |
_btxt
337 _2rdamedia
_aUnmediated |
_bn
338 _2rdacarrier
_aVolume
_bnc
650 0 _94472
_aINTRA-PARTY DEMOCRACY
650 0 _94473
_aDEMOCRACY IN ZAMBIA
650 0 _9823
_aPOLITICAL PARTIES
942 _2mc
_c030
999 _c86124
_d86124